Footballeur par pays n°8 - Statistiques

Statistiques générales
  • Ce quiz a été pris 303 fois
  • Le résultat moyen est 13 sur 16
Statistiques - réponses
joueur Pays % Correct
Gerard Piqué Espagne
99%
Raphaël Varane France
97%
Sergio Aguero Argentine
94%
Roberto Firmino Bresil
94%
Didier Deschamps France
94%
Francesco Totti Italie
94%
Robert Lewandowski Pologne
94%
John Stones Royaume-Uni
94%
Dries Mertens Belgique
89%
Maya Yoshida Japon
83%
Ferenc Puskás Hongrie
80%
Jari Litmanen Finlande
69%
Igor Akinfejew Russie
59%
Aleksandar Kolarov Serbie
54%
Ola Toivonen Suéde
53%
Karel Poborský République Tchèque
45%
Aucun quiz correspondant
Distribution des résultats
% des personnes avec chaque résultat
Percentile par nombre de réponses
Votre historique - résultats
Vous n’avez pas pris ce quiz